Коммерческая эксплуатация морского транспорта. Ч. 2 (Запись № 2726913)
[ простой вид ]
| 000 -МАРКЕР | |
|---|---|
| контрольное поле | 01693nam2a2200289 i 4500 |
| 001 - ИДЕНТИФИКАТОР ЗАПИСИ | |
| контрольное поле | RU\NLR\bibl\1886349 |
| 005 - ИДЕНТИФИКАТОР ВЕРСИИ | |
| контрольное поле | 20240921094105.0 |
| 021 ## - НОМЕР ГОСУДАРСТВЕННОЙ РЕГИСТРАЦИИ | |
| Код страны | Российская Федерация |
| Номер | 2012-18755 |
| Номер Листа государственной регистраци | 1412 |
| 035 ## - ДРУГИЕ СИСТЕМНЫЕ НОМЕРА | |
| Идентификатор записи | (NLR Aleph) 001876085 |
| 100 ## - ДАННЫЕ ОБЩЕЙ ОБРАБОТКИ | |
| Данные общей обработки | 20120402d2011 u y0rusy50 ca |
| 101 0# - ЯЗЫК РЕСУРСА | |
| Язык текста, звукозаписи и т.д. | русский |
| 102 ## - СТРАНА ПУБЛИКАЦИИ ИЛИ ПРОИЗВОДСТВА | |
| Страна публикации | Российская Федерация |
| 105 ## - ПОЛЕ КОДИРОВАННЫХ ДАННЫХ: ТЕКСТОВЫЕ МАТЕРИАЛЫ, МОНОГРАФИЧЕСКИЕ | |
| Кодированные данные о монографическом текстовом документе | y ||||||||| |
| 200 0# - ЗАГЛАВИЕ И СВЕДЕНИЯ ОБ ОТВЕТСТВЕННОСТИ | |
| Основное заглавие | Ч. 2 |
| Первые сведения об ответственности | С.Е. Иванова, М.Ю. Иванов |
| 210 ## - ПУБЛИКАЦИЯ, РАСПРОСТРАНЕНИЕ И ДР. | |
| Дата издания, распространения и т.д. | 2011 |
| 215 ## - ФИЗИЧЕСКАЯ ХАРАКТЕРИСТИКА | |
| Специфическое обозначение материала и объем | 166 с. |
| 320 ## - ПРИМЕЧАНИЯ О НАЛИЧИИ В ДОКУМЕНТЕ БИБЛИОГРАФИИ / УКАЗАТЕЛЯ | |
| Текст примечания | Библиогр.: с. 164-166 |
| 461 #0 - УРОВЕНЬ НАБОРА | |
| Встроенное поле | 001RU\NLR\bibl\1520338 |
| -- | 2001#$aКоммерческая эксплуатация морского транспорта$vЧ. 2 |
| Системный номер (АБИС) связанной записи | 84642 |
| Автор | Иванова, С. Е. (канд. экон. наук, морской транспорт) |
| Место публикации | Новороссийск |
| Дата публикации | 2009 |
| Первые сведения об ответственности | С.Е. Иванова |
| Имя издателя, распространителя и т.д. | Морская государственная академия |
| Сведения, относящиеся к заглавию | учебное пособие : для студентов высших учебных заведений по специальности 080502 "Экономика и управление на предприятии транспорта" |
| Заглавие | Коммерческая эксплуатация морского транспорта |
| Номер тома | Ч. 2 |
| 701 #1 - ИМЯ ЛИЦА - АЛЬТЕРНАТИВНАЯ ОТВЕТСТВЕННОСТЬ | |
| Код отношения | Автор |
| Графика поля | Кириллица |
| Материалы, к которым относится поле | rus |
| Начальный элемент ввода | Иванова |
| Часть имени, кроме начального элемента ввода | С. Е. |
| Дополнения к именам, кроме дат | канд. экон. наук, морской транспорт |
| Расширение инициалов личного имени | Светлана Ефимовна |
| Системный номер авторитетной/нормативной записи | 14707 |
| Идентификатор авторитетной/нормативной записи | RU\NLR\AUTH\7731697 |
| 701 #1 - ИМЯ ЛИЦА - АЛЬТЕРНАТИВНАЯ ОТВЕТСТВЕННОСТЬ | |
| Код отношения | Автор |
| Графика поля | Кириллица |
| Материалы, к которым относится поле | rus |
| Начальный элемент ввода | Иванов |
| Часть имени, кроме начального элемента ввода | М. Ю. |
| Дополнения к именам, кроме дат | канд. экон. наук, морской транспорт |
| Расширение инициалов личного имени | Максим Юрьевич |
| Системный номер авторитетной/нормативной записи | 14635 |
| Идентификатор авторитетной/нормативной записи | RU\NLR\AUTH\7731625 |
| 801 #0 - ИСТОЧНИК ЗАПИСИ | |
| Страна | Российская Федерация |
| Организация | NLR |
| Дата составления | 20120402 |
| Правила каталогизации | RCR |
| 801 #1 - ИСТОЧНИК ЗАПИСИ | |
| Страна | Российская Федерация |
| Организация | NLR |
| Дата составления | 20120402 |
| 942 ## - ДОПОЛНИТЕЛЬНЫЕ ЭЛЕМЕНТЫ ЗАПИСИ (АБИС) | |
| Тип экземпляра АБИС | Книга |
| 980 ## - КОЛЛЕКЦИЯ | |
| Название коллекции | НБР |
Нет доступных экземпляров.